| 000 | 00425nam a2200133Ia 4500 | ||
|---|---|---|---|
| 008 | 210430s9999 xx 000 0 und d | ||
| 020 | _a 9789695623701 | ||
| 082 | _a320.954035 M236B | ||
| 100 | _aDr. Malik, Shafiq | ||
| 245 |
_aBrethren in Faith: the all india muslim leage and the Palistine issue (1917-1947) / _cDr. Nadeem Shafiq Malik |
||
| 260 |
_aLahore. _bFiction House. _c2015 |
||
| 300 | _a608p. | ||
| 942 |
_cBK _2ddc |
||
| 999 |
_c565531 _d565531 |
||